MCTS self-paced training kit (exam 70-643) : configuring Windows Server 2008 applications infrastructure/ (Record no. 12449)

MARC details
000 -LEADER
fixed length control field 00782 a2200217 4500
010 ## - LIBRARY OF CONGRESS CONTROL NUMBER
LC control number ENG-90192
020 ## - INTERNATIONAL STANDARD BOOK NUMBER
International Standard Book Number 9788120335196
Terms of availability 695.00
035 ## - SYSTEM CONTROL NUMBER
System control number EN-73725
037 ## - SOURCE OF ACQUISITION
Source of stock number/acquisition DBAD / PUB
082 14 - DEWEY DECIMAL CLASSIFICATION NUMBER
Classification number 005.44
090 ## - LOCALLY ASSIGNED LC-TYPE CALL NUMBER (OCLC); LOCAL CALL NUMBER (OCLC)
-- 12812
-- 12812
100 1# - MAIN ENTRY--PERSONAL NAME
Personal name Mackin, J.C.
245 1# - TITLE STATEMENT
Title MCTS self-paced training kit (exam 70-643) : configuring Windows Server 2008 applications infrastructure/
Statement of responsibility, etc by J.C. Mackin [and] Anil Desai
260 ## - PUBLICATION, DISTRIBUTION, ETC. (IMPRINT)
Place of publication, distribution, etc New Delhi
Name of publisher, distributor, etc Prentice-Hall of India
Date of publication, distribution, etc 2008
270 ## - ADDRESS
Address M-97, Connaught Circus
City New Delhi
State or province Delhi
Postal code 110001
300 ## - PHYSICAL DESCRIPTION
Extent xxxiv, 673p.
Dimensions 27 cm ( Hb)
500 ## - GENERAL NOTE
General note Includes index
700 ## - ADDED ENTRY--PERSONAL NAME
Personal name Desai, Anil
942 ## - ADDED ENTRY ELEMENTS (KOHA)
Institution code [OBSOLETE] dpl
Koha item type English Books
Call number prefix 005.44 / MAC
Holdings
Withdrawn status Lost status Source of classification or shelving scheme Damaged status Not for loan Collection code Home library Current library Source of acquisition Cost, normal purchase price Total Checkouts Full call number Barcode Date last seen Copy number Uniform Resource Identifier Cost, replacement price Price effective from Koha item type
    Dewey Decimal Classification   Not For Loan Non-fiction D.B.Act.Division D.B.Act.Division DBAD/PUB 695.00   005.44 MAC EN-73725 15/09/2008 1 13687 695.00 15/09/2008 English Books

© Delhi Public Library
Hit Counter
free hit counter